Sedi del Campionato mondiale di Formula 1 2013 - Statistics

Statistiche generali
  • Questo quiz è stato fatto 2 volte
  • Il punteggio medio è 11 su 19
Statistiche sulle risposte
Data Sede % Corretto
12 maggio Barcellona
100%
28 luglio Budapest
100%
17 marzo Melbourne
100%
8 settembre Monza
100%
24 novembre San Paolo
100%
24 marzo Sepang
100%
14 aprile Shanghai
100%
30 giugno Silverstone
100%
17 novembre Austin
50%
26 maggio Monte Carlo
50%
9 giugno Montréal
50%
7 luglio Nürburg
50%
22 settembre Singapore
50%
13 ottobre Suzuka
50%
25 agosto Francorchamps
0%
27 ottobre Greater Noida
0%
3 novembre Isola Yas
0%
21 aprile Manama
0%
6 ottobre Yeongam
0%
Nessun quiz corrispondente trovato
Distribuzione punteggi
Percentuale di utenti per punteggio
Percentile per numero di risposta
I tuoi punteggi nel tempo
Non hai fatto questo quiz